Cumulative effects of barriers on the movements of forest birds (Registro nro. 12036)

Detalles MARC
000 -CABECERA
Campo de control 007430000a22002290004500
090 ## - CLASIFICACIÓN LOCAL
Colección AR
Consecutivo 02978
041 0# - IDIOMA
Código de idioma para texto/pista de sonido o título separado
100 1# - ASIENTO PRINCIPAL--NOMBRE PERSONAL
Nombre personal Bélisle, Marc
245 10 - MENCION DE TITULO
Título Cumulative effects of barriers on the movements of forest birds
650 14 - ASIENTO SECUNDARIO DE MATERIA - TERMINO TEMATICO
Término temático o nombre geográfico como elemento de entrada Movilidad animal
650 14 - ASIENTO SECUNDARIO DE MATERIA - TERMINO TEMATICO
Término temático o nombre geográfico como elemento de entrada Aves
650 14 - ASIENTO SECUNDARIO DE MATERIA - TERMINO TEMATICO
Término temático o nombre geográfico como elemento de entrada Conectividad
650 14 - ASIENTO SECUNDARIO DE MATERIA - TERMINO TEMATICO
Término temático o nombre geográfico como elemento de entrada Corredores ecológicos
650 14 - ASIENTO SECUNDARIO DE MATERIA - TERMINO TEMATICO
Término temático o nombre geográfico como elemento de entrada Bosques
651 #4 - ASIENTO SECUNDARIO DE MATERIA - NOMBRE GEOGRAFICO
-- Parque Nacional Banff
-- Alberta
-- Canada
653 ## - TERMINO DE INDIZACION - NO CONTROLADO
-- Pinus
-- Pinus contorta
653 ## - TERMINO DE INDIZACION - NO CONTROLADO
-- Picea
-- Picea glauca
653 ## - TERMINO DE INDIZACION - NO CONTROLADO
-- Populus
-- Populus tremuloides
700 1# - ASIENTO SECUNDARIO - NOMBRE PERSONAL
Nombre personal Cassady St. Clair Colleen
773 1# - Item fuente:
Título Conservation Ecology: a Peer-Reviewed Journal
Especificación de materiales 798
Descripción física 2
Paginas del Articulo 1-17
Lugar, editorial y fecha de publicación 2001
Información sobre la relación 5
942 ## - ELEMENTOS ADICIONALES (KOHA)
Tipo de ítem Artículo
Existencias
Withdrawn status Lost status Damaged status No para préstamo Colección Ubicación Permanente Ubicación actual Fecha de adquisición Datos de publicación Seriada Total Checkouts Número topográfico Inventario / Código de Barras Date last seen Ejemplar Price effective from Forma de adquisición Tipo de material
      No para Préstamo Hemeroteca Bogotá Bogotá 27/02/2015 Fuera de circulación   AR 02978 013384 25/03/2015 1 25/03/2015   Artículo